Zobrazenie finančných nástrojov v účtovníctve a ich využitie vo finančnom riadení podniku diplomová práca

Gespeichert in:
Bibliographische Detailangaben
1. Verfasser: Grohe, Adam
Körperschaft: Fakulta hospodárskej informatiky EU. Katedra účtovníctva a audítorstva
Weitere Verfasser: Szász, Marek
Format: Buch
Sprache:Slowakisch
Veröffentlicht: Bratislava 2012
Tags: Tag hinzufügen
Keine Tags, Fügen Sie das erste Tag hinzu!

MARC

LEADER 00000nbm a2200000 4500
001 0154697
005 20161109102138.5
041 0 |a slo 
044 |a SK 
245 1 0 |a Zobrazenie finančných nástrojov v účtovníctve a ich využitie vo finančnom riadení podniku  |b diplomová práca  |c Adam Grohe ; školiteľ: Marek Szász 
264 1 |a Bratislava  |c 2012 
300 |a 63 s. 
100 1 |a Grohe, Adam 
700 1 |a Szász, Marek 
710 2 |a Fakulta hospodárskej informatiky EU. Katedra účtovníctva a audítorstva